| 000 | 00786 a2200229 4500 | ||
|---|---|---|---|
| 003 | Nust | ||
| 005 | 20170207152505.0 | ||
| 010 | _a 91043077 | ||
| 020 | _a0023540818 | ||
| 040 | _cNust | ||
| 082 | 0 | 0 | _a620.104 |
| 100 | 1 | _aHibbeler, R. C. | |
| 245 | 1 | 0 |
_aEngineering mechanics. _pMCSStatics and dynamics / _cR.C. Hibbeler. |
| 250 | _a6th ed. | ||
| 260 |
_aNew York : _bMacmillan ; _aToronto : _bMaxwell Macmillan Canada ; _aNew York : _bMaxwell Macmillan International, _cc1992. |
||
| 300 |
_axiii, 588 p. : _bill. (some col.) ; _c25 cm. |
||
| 500 | _aIncludes index. | ||
| 500 | _aPrevious editions published in two parts: Engineering mechanics--statics, and Engineering mechanics--dynamics. | ||
| 650 | 0 | _aMechanics, Applied. | |
| 700 | 1 | _aHibbeler, R. C. | |
| 700 | 1 | _aHibbeler, R. C. | |
| 942 |
_2ddc _cBK |
||
| 999 |
_c175510 _d175510 |
||